|
|
|
|
| LEADER |
00000cam a2200000 a 4500 |
| 001 |
vtls001109063 |
| 003 |
SK-MaSNL |
| 005 |
20260302093406.0 |
| 008 |
251029s1980 xo a g f 000 0 slo |
| 015 |
|
|
|a SNBA1980
|
| 020 |
|
|
|q (brož.)
|
| 035 |
|
|
|a SNK000051905
|
| 035 |
|
|
|a urn:nbn:sk:snk-aml11g
|
| 035 |
|
|
|a urn:nbn:sk:snk-am008o6t
|
| 035 |
|
|
|a 7280EB71-3624-40F3-8D75-904CE4123568
|
| 040 |
|
|
|a SNK
|b slo
|c SNK
|e AACR2
|
| 041 |
0 |
|
|a slo
|
| 044 |
|
|
|a xo
|c SK
|
| 080 |
|
|
|a 796.091.2(035.5)
|2 1981
|
| 100 |
1 |
|
|a Šimonek, Jaromír,
|d 1930-2015
|4 aut
|9 198081
|
| 245 |
1 |
0 |
|a Modelovanie dlhodobej športovej prípravy
|c autor: Jaromír Šimonek a kol. ; zostavil Jaromír Šimonek
|
| 250 |
|
|
|a 1. vyd.
|
| 260 |
|
|
|a Bratislava
|b Šport
|c 1980
|
| 300 |
|
|
|a 107 s.
|b sch., tab.
|c 29 cm
|
| 366 |
|
|
|e 2000 výt.
|
| 490 |
1 |
|
|a Metodické listy
|v Zv. 42.
|
| 500 |
|
|
|a Vyd. pre SÚV ČSZTV v Bratislave
|
| 504 |
|
|
|a Bibliogr.
|
| 650 |
0 |
7 |
|a športový tréning
|2 SNKPH
|9 163263
|
| 650 |
0 |
7 |
|a modelovanie a simulácia
|2 SNKPH
|9 3666
|
| 655 |
|
7 |
|a metodické príručky
|2 SNKPH
|9 70250
|
| 700 |
1 |
|
|a Havlíček, Ivo,
|d 1931-2005
|4 aut
|9 27643
|
| 700 |
1 |
|
|a Glesk, Pavol,
|d 1931-2008
|4 aut
|9 36966
|
| 700 |
1 |
|
|a Hellebrandt, Vladimír,
|d 1944-
|4 aut
|9 117156
|
| 710 |
2 |
|
|a Československý zväz telesnej výchovy (Bratislava, Slovensko).
|b Slovenský ústredný výbor
|4 pbl
|9 450754
|
| 830 |
|
0 |
|a Metodické listy
|9 280020
|
| 852 |
|
|
|a Slovenská národná knižnica
|
| 958 |
|
|
|a OND
|
| 958 |
|
|
|a NB
|
| 958 |
|
|
|a TL
|
| 999 |
|
|
|c 1208708
|d 1210638
|
| 952 |
|
|
|t P60, <04>, [BOOK], {604}
|a SNK
|b SNK
|y VYP
|7 0
|p 17A0452108
|o snkSB 29855 D1
|i snkKSP 3590/80
|0 0
|1 0
|4 0
|d 2004-11-26
|l 0
|r 2004-12-31 00:00:00
|w 2026-02-24
|
| 952 |
|
|
|a SNK
|b SNK
|y PREZ
|7 0
|p 17A0987417
|o snkSB 29855
|i snkKSP 3589/80
|0 0
|1 0
|4 0
|d 2012-07-30
|f 1
|l 0
|r 2025-04-02 00:00:00
|w 2026-02-24
|